NBA 2024-2025 Top 10 Big Threes - Statistics

General Stats
  • This quiz has been taken 1,089 times
    491 since last reset
  • The average score is 28 of 30
Answer Stats
Team Big three % Correct
76ers Devin Booker
100%
Celtics Jayson Tatum Celtics Celtics
100%
Luka Doncic
100%
Knicks Giannis Antetokounmpo
99%
Suns Jalen Brown Suns Suns
99%
Bucks Kevin Durant Bucks Bucks
99%
LeBron James
99%
Shai Gilgeous-Alexander
99%
Jalen Brunson
98%
Joel Embiid
98%
Tyrese Haliburton
98%
Kings Anthony Davis
97%
Damian Lillard
97%
Karl Anthony-Towns
97%
Thunder Kyrie Irving
97%
Tyrese Maxey
97%
Chet Holmgren
94%
Domantas Sabonis
94%
Jalen Williams
94%
Austin Reaves
93%
Mavericks Jrue Holiday Mavericks Mavericks
93%
Pascal Siakam
93%
Pacers Bradley Beal
92%
DeMar DeRozan
90%
Paul George
90%
Myles Turner
88%
Zach LaVine
88%
Mikal Bridges
85%
Khris Middleton
79%
Lakers Daniel Gafford
67%
No matching quizzes found
Score Distribution
Percent of People with Each Score
Percentile by Number Answered
Your Score History
You have not taken this quiz since the last reset